000 00609nam a22001817a 4500
005 20260409113950.0
008 260409b |||||||| |||| 00| 0 eng d
020 _a9781860642579 (pbk)
040 _cUE-CL
082 _a297.09
_bAh511
100 _aAhmad Akbar S.
245 _aIslam Today: A Short Introduction to the Muslim World
_b/ Akbar S. Ahmad
260 _aLondon:
_bI.B. Tauris Publishers,
_c1998.
300 _a253.
505 _a1. Introduction 2. What is islam. 3.The message of Holy Quran. 4. Sunni and Shia division in Islam 5. The challenge of past.
546 _aEnglish
942 _cBK
999 _c25980
_d25979